000
00310nam a22001217a 4500
008
230606b xxu||||| |||| 00| 0 eng d
020
_a
10014937
082
_a
342.945
_b
ITA
245
_a
The Constitution Of The Italian Republic
260
_a
Italy
_b
Segreteria Generale
_c
2007
300
_a
58 p
942
_2
ddc
_c
BK
999
_c
647
_d
647